000 00641nam a2200277Ia 4500
005 20260324123252.0
008 008 260324s9999 xx 000 0 eng d
020 _a9781315566894
037 _aEBOOK
040 _aCRL
040 _beng
040 _cCRL
041 _2eng
041 _aeng
084 _qCRL
100 _aJoeri Schrijvers
_91169669
245 3 _aAn Introduction to Jean-Yves Lacoste
260 _bTaylor and Francis
260 _c2012
365 _a
365 _b255
856 _uhttp://www.taylorfrancis.com/books/9781315566894
942 _cEBOOK
999 _c1763050
_d1763050